Drawing Climate : Visualising Invisible Elements Of Architecture (Record no. 17468)

MARC details
000 -LEADER
fixed length control field 00391nam a2200145Ia 4500
008 - FIXED-LENGTH DATA ELEMENTS--GENERAL INFORMATION
fixed length control field 220803s9999 xx 000 0 und d
020 ## - INTERNATIONAL STANDARD BOOK NUMBER
International Standard Book Number 9783035623604
041 ## - LANGUAGE CODE
Language code of text/sound track or separate title eng
082 ## - DEWEY DECIMAL CLASSIFICATION NUMBER
Classification number 720.47 RYA
100 ## - MAIN ENTRY--PERSONAL NAME
Personal name Ryan D J
9 (RLIN) 27410
245 ## - TITLE STATEMENT
Title Drawing Climate : Visualising Invisible Elements Of Architecture
260 ## - PUBLICATION, DISTRIBUTION, ETC. (IMPRINT)
Place of publication, distribution, etc. Basel
Name of publisher, distributor, etc. Birkhauser Publisher
Date of publication, distribution, etc. 2022
300 ## - PHYSICAL DESCRIPTION
Extent 232p
500 ## - GENERAL NOTE
Keywords ENVIR
Holdings
Withdrawn status Lost status Damaged status Not for loan Collection code Home library Current library Date acquired Vendor Cost, normal purchase price Full call number Barcode Date last seen Cost, replacement price Bill Date Koha item type Original Barcode
      Reference Book of B Arch Dr. Bhanuben Nanavati College of Architecture Dr. Bhanuben Nanavati College of Architecture 31/01/2022 Amanora 6851.64 720.47 RYA BNCA-BK-11684 03/08/2022 6851.64 05/01/2022 Reference book B11684